000
00334nam a22001457a 4500
020
_a
997678051x
082
_a
657.48
100
_a
l
245
_a
TANZANIA Financial Accounting
250
_a
2nd ed.
260
_b
NATIONAL BOARD OF ACCOUNTANTS AND AUDITORS
_c
2002
300
_a
VI,478p.20cm.
500
_a
APPENDIXES
942
_c
BK
999
_c
20219
_d
20219